Statystyki dla Quiz o województwie dolnośląskim

Kliknij tutaj aby rozwiązać quiz!

Ogólne statystyki

  • Ten quiz został rozwiązany 2 303 razy
  • Średni wynik to 7 z 19

Statystyki odpowiedzi

PodpowiedźOdpowiedź% Poprawnych
StolicaWrocław
100%
Najwyższy szczyt województwa, a jednocześnie Sudetów i CzechŚnieżka
77%
Trzeci najwyższy budynek w Polsce i jednocześnie najwyższy w województwieSky Tower
67%
Państwo niesąsiadujące z województwem, najmniej od niego oddaloneSłowacja
54%
Miejscowość przy granicy z Niemcami, w której zaczyna się autostrada A4Zgorzelec
51%
Zamek znajdujący się w Wałbrzychu, jeden z największych w PolsceZamek Książ
49%
Spółka akcyjna z siedzibą w Lubinie, jeden z czołowych światowych wydobywców miedziKGHM Polska Miedź S.A.
46%
Stara nazwa powiatu karkonoskiegoPowiat jeleniogórski
39%
Największy pod względem powierzchni powiatPowiat kłodzki
35%
Miasto oblegane przez Niemców w 1109 roku, które ostatecznie udało się obronićGłogów
29%
Najstarszy w Polsce ośrodek górniczo-hutniczy - miasto, w którym kiedyś znajdowała się kopalnia złotaZłoty Stok
28%
Nie jest miastem na prawach powiatu, ale jest za to stolicą diecezjiŚwidnica
27%
Aktor urodzony w Legnicy, grał m.in. w "Na dobre i na złe", "Kryminalnych" oraz "Niani"Tomasz Kot
23%
Druga najdłuższa rzeka województwaBóbr
20%
Miasto powiatowe, która ma podobną nazwę do pewnego miasta w WielkopolsceŚroda Śląska
18%
Najliczniejsza mniejszość etniczna w województwieŁemkowie
17%
WojewodaMaciej Awiżeń
10%
Youtuber spod Wrocławia nagrywający kontrowersyjne filmy, w których prezentuje swoje skrajnie prawicowe poglądy polityczne, obecnie nieaktywnyKiki85uuu
7%
Na herbie województwa, w kształcie sierpaPrzepaska
4%

Rozkład punktacji

Percentyl według liczby udzielonych odpowiedzi

Procent ludzi z każdym wynikiem

Twoja historia wyników

Nie rozwiązałeś tego quizu